Statistics for Ten Most populated Countries in the World

Click here to take the quiz!

General Stats

  • This quiz has been taken 41 times
  • The average score is 9 of 10

Answer Stats

#PopulationAnswer% Correct
11,425,830,081China
100%
21,422,750,470India
100%
3335,903,903USA
100%
10132,354,424Mexico
97%
7216,375,148Brazil
95%
9146,092,401Russia
95%
4280,829,472Indonesia
92%
5231,731,196Pakistan
92%
8216,375,148Bangladesh
87%
6216,375,148Nigeria
85%

Score Distribution

Percentile by Number Answered

Percent of People with Each Score

Your Score History

You have not taken this quiz